| 000 | 00512nam a2200181Ia 4500 | ||
|---|---|---|---|
| 003 | GCL | ||
| 008 | 140319s9999 xx 000 0 ara d | ||
| 040 |
_aGCL / _cGCL |
||
| 082 | 0 | 4 |
_a953 _bس ح |
| 245 | 1 | 0 | _aحركة التاريخ فى المفهوم الاسلامى |
| 260 |
_a[S.N] : _bدار الكتاب اللبنانى ، _c1985 |
||
| 300 | _a136 ص | ||
| 490 | _a | ||
| 650 | 0 | 4 | _aتاريخ |
| 650 | 0 | 4 | _aالاسلام |
| 650 | 0 | 4 | _aالمسلمون الحياه الفكرية |
| 942 |
_2ddc _cBK |
||
| 999 |
_c30981 _d30981 |
||